000
00325nam a22001457a 4500
008
210527b ||||| |||| 00| 0 eng d
020
_a
047206312x
041
_a
eng
080
_a
621
082
_a
621
100
_a
26
101
_a
MEK
245
_a
Nuclear Power Technology on Trial
_c
Duderstadt,J.J
942
_2
udc
_c
BK
999
_c
57699
_d
57699